000 01732nam0a22003011 4500
001 rc\4778635
005 20250613070836.0
021 _aRU
_b[58-13606]
035 _a(NLR Aleph) 009003301
090 _a9321028
_c9321028
100 _a20130417d1958 |||y0rusy50 ca
101 0 _arus
102 _aRU
105 _ac z |||a|
200 1 _aПьесы татарских драматургов классиков
_eПереводы]
_f[Вступ. статья Б. Гиззата, с. 3-18
210 _aКазань
_cТаткнигоиздат, Ред. худож. лит.
_d1958
215 _a328 с., 4 л. портр.
_d21
327 1 _aСодерж.: Две мысли; Молодая жизнь / Г. Кулахметов. Первое испытание; Из-за подарка; Банкрот; Тайны нашего города / Г. Камал. Галиябану / М. Файзи. Хаджи эфенди женится / Ш. Камал
464 0 _12001#$aГалиябану
_1700#1$aФайзи$bМ.
_tГалиябану
_aФайзи, М.
464 0 _12001#$aХаджи эфенди женится
_1700#1$aКамал$bШ.
_tХаджи эфенди женится
_aКамал, Ш.
464 0 _12001#$aПервое представление$aИз-за подарка$aБанкрот$aТайны нашего города
_1700#1$aКамал$bГ.
_tТайны нашего города
_aКамал, Г.
464 0 _12001#$aДве мысли$aМолодая жизнь
_1700#1$aКулахметов$bГ.
_tМолодая жизнь
_aКулахметов, Г.
702 1 _aГиззат
_bБ.
_4080
801 0 _aRU
_bNLR
_gpsbo
801 1 _aRU
_bELAR
_2rusmarc
852 _aNLR
_j58-3/1460
942 _cBOOK
980 _aNB